BIBLIOTECA

SENCICO

Metodologías del aprendizaje / (Registro nro. 312)

Detalles MARC
000 -LEADER
fixed length control field 01889nam a2200277Ia 4500
003 - CONTROL NUMBER IDENTIFIER
control field PE SENCICO BE
005 - DATE AND TIME OF LATEST TRANSACTION
control field 20251020182433.0
008 - FIXED-LENGTH DATA ELEMENTS--GENERAL INFORMATION
fixed length control field 200515s9999 xx 000 0 und d
020 ## - INTERNATIONAL STANDARD BOOK NUMBER
International Standard Book Number 978-84-8369-059-8
040 ## - CATALOGING SOURCE
Original cataloging agency PE SENCICO BE
Transcribing agency PE SENCICO BE
041 ## - LANGUAGE CODE
Language code of text/sound track or separate title spa
082 ## - DEWEY DECIMAL CLASSIFICATION NUMBER
Classification number 153.52
Item number C27
100 1# - MAIN ENTRY--PERSONAL NAME
Personal name Carreño Gonzales, Inés
9 (RLIN) 2695
Relator term autor
245 10 - TITLE STATEMENT
Title Metodologías del aprendizaje /
Statement of responsibility, etc. Inés Carreño Gonzales
250 ## - EDITION STATEMENT
Edition statement [1a ed.]
260 ## - PUBLICATION, DISTRIBUTION, ETC.
Place of publication, distribution, etc. Madrid :
Name of publisher, distributor, etc. Cultural ;
Date of publication, distribution, etc. 2008
300 ## - PHYSICAL DESCRIPTION
Extent 413 p. :
Other physical details il. col., tabls. ;
Dimensions 28 cm.
505 0# - FORMATTED CONTENTS NOTE
Formatted contents note El aprendizaje: Grandes estudiosos del aprendizaje -- Factores que influyen en el aprendizaje -- Estrategias de aprendizaje: Naturaleza de las estrategias -- Estrategias de apoyo -- Estrategias de personalización -- Estrategias de personazalición -- Estrategias de procesamiento o codificación -- Estrategias metacognitivas -- La elección de las estrategias de aprendizaje -- Enseñanza de las estrategias del aprendizaje -- Principios de las estrategias -- Metodología del estudio: Registro de actividades, costumbres, técnicas -- Antes del estudio -- Durante el estudio -- Después del estudio -- Factores que inciden en el aprendizaje: Atención -- Autoconcepto -- Autoestima -- Ansiedad -- Memoria -- Motivación -- Comprensión -- Fluidez verbal y agilidad mental -- Razonamiento -- Inteligencia -- Toma de decisiones y resolución de problemas -- Percepción -- Nuevas tecnologías
520 3# - SUMMARY, ETC.
Summary, etc. Detalla lo que se entiende por aprendizaje y de numerosos estudios del tema y se pretende exponer de una forma clara y didáctica el modo de aprender que resulta más eficiente y que mejor rendimiento produce.
650 10 - SUBJECT ADDED ENTRY--TOPICAL TERM
Topical term or geographic name entry element Aprendizaje
9 (RLIN) 2282
650 20 - SUBJECT ADDED ENTRY--TOPICAL TERM
Topical term or geographic name entry element Estrategias de aprendizaje
9 (RLIN) 2409
650 20 - SUBJECT ADDED ENTRY--TOPICAL TERM
Topical term or geographic name entry element Técnicas de estudio
9 (RLIN) 2689
650 20 - SUBJECT ADDED ENTRY--TOPICAL TERM
Topical term or geographic name entry element Memoria
9 (RLIN) 2188
650 20 - SUBJECT ADDED ENTRY--TOPICAL TERM
Topical term or geographic name entry element Motivación
9 (RLIN) 933
942 ## - ADDED ENTRY ELEMENTS (KOHA)
Koha item type Libros
Source of classification or shelving scheme Dewey Decimal Classification
Existencias
Fecha de la última vez que lo usaron Número de ingreso o de inventario Pago total Signatura topográfica completa Código de barras Precio efectivo desde Tipo de documento Estado perdido Sistema de clasificación Estado dañado No es para préstamo Retirado Ubicación permanente Ubicación actual Fecha de adquisición
15/05/2020 14563   153.52/C27 BibLima24110029 15/05/2020 Libros   Dewey Decimal Classification       Biblioteca Central Lima Biblioteca Central Lima 15/05/2020